000 00435cam a22001337a 4500
008 180718b1948 xxu||||| |||| 00| 0 eng d
082 _aQ00x73 M367
100 _aMartz, Helen E.
245 _aCitizen participation in government: a study of county welfare boards
_cby Helen E. Martz
260 _aWashington, D.C.
_bPublic Affairs
_c1948
300 _a63p.
650 _aPublic administration
650 _aPublic welfare --United States
999 _c373238
_d373238